01787cam a22003974i 4500003000900000005001700009008004100026035001900067040003300086082002000119110004200139245003700181264004300218336002100261337002500282338002300307505041900330526000900749526000900758526000900767526000900776526000900785526000900794526000800803526000800811526000800819526000800827526000800835526000800843942001400851949013700865596000601002999015401008980005501162952017201217PE-LiUPU20250731184547.0150625s r 000 0 d a(Sirsi) a32072 aPE-LiUPUbspacPE-LiUPUerda04a931.04bA162212 aAcademia Politico-Militar de Tung-Pei10aHistoria de China contemporanea. 1aBarcelona :bViento del este,c[19_ ]. atext2rdacontent aunmediated2rdamedia avolume2rdacarrier0 aLa revolución democrática de viejo tipo en China. - El ''movimiento de 4 de mayo''. - La revolución de 1925-1927. - La agresión japonesa. - El acuerdo de Tang-ku y la larga marcha. - Desarrollo del movimiento popular. - El incidente de Si-an. - Primera fase de la guerra. - La lucha de la unión de las fuerzas. - Campña contra los liberados. - China en la segunda guerra mundial. - De Yen-an a Pekín. aP136 aP135 aP134 aP133 aP144 aP143 aP87 aP35 aP20 aP14 aP10 aP06 2ddccBOOK a931.04 A16wDEWEYc1i36845lCCODEBUL1mBULp00.00r0sYtBOOKu2015-06-25xBIBLIOTECAzUNKNOWN0COMPRAo.STAFF. Colección General a1 a931.04 A16wDEWEYc39691i36845f2021-11-8g5lCCODEBUL1mBULr0sYtBOOKu2015-6-25xBIBLIOTECAzUNKNOWN0COMPRAo.STAFF. Colección Generald39691 81gALBERTO SANCHEZ Responsable de Automatización r2025-12-03 00:00:00i6l3o931.04 A16p36845s2025-09-09te1w2015-06-25xFACIHEDyBKzinventario-2023-12-13102ddc50708GENfP14aBULbBULcGENd2015-06-25eCOMPRA